Statistiques concernant Culture Générale - Série 1980

Cliquez ici pour prendre le quiz!

Statistiques générales

  • Ce quiz a été pris 119 fois
  • Le résultat moyen est 6 sur 10

Statistiques - réponses

QuestionRéponse% Correct
Quelle est la première ville du monde a s'être dotée du métro ?Londres
95%
Quel nom désigne la couleur et l'aspect extérieur du vin ?robe
91%
Quelle race d'animal est un briard ?chien
85%
En Italie, quelle est la capitale de la Toscane ?Florence
82%
A quel célèbre écrivain et philosophe doit-on le "Contrat social” et “La nouvelle Héloïse” ?Jean-Jacques Rousseau
75%
De quel fleuve français la Tille est-elle un affluent ?Rhône
68%
Selon la tradition,comment appelle-t-on le linge qui a recouvert le visage de Jésus ?saint suaire
62%
Quel mot vieilli désigne une réunion, une fête mondaine ?raout
27%
Dans la mythologie grecque, c'est une nymphe des montagnes - commence par "o"oréade
11%
Comment s'appelle le papillon dont la chenille est nuisible à la vigne ? voir photoeudémis
4%

Distribution des résultats

Percentile par nombre de réponses

% des personnes avec chaque résultat

Votre développement - résultats

Vous n’avez pas pris ce quiz